000 00549nam a2200205Ia 4500
020 _a0803936540
020 _a0803936559 (pbk.)
040 _cWYU
082 _a302 SAG 1990 A089 Or.
245 0 2 _aA Sense of audience in written communication /
260 _aNewbury Park, Calif. :
_bSage Publications,
_cc1990
300 _a304 p. ;
_c23 cm
490 1 _aWritten communication annual ,
650 0 _aWritten communication
650 0 _aRhetoric
650 0 _aAudiences
700 1 0 _aKirsch, Gesa
700 1 0 _aRoen, Duane H
942 _cEK
999 _c16149
_d16149